| Tag |
First Indicator |
Second Indicator |
Subfields |
| LEADER |
00000cam a2200000 a 4500 |
| 001 |
in00001069051 |
| 005 |
20150929103231.0 |
| 008 |
920618s1991 dcub f000 0 eng d |
| 034 |
1 |
|
|a a
|b 20000
|
| 035 |
|
|
|a (OCoLC)26043210
|
| 035 |
|
|
|9 AFP5909AM
|
| 040 |
|
|
|a RRR
|c RRR
|d TXA
|d UtOrBLW
|
| 049 |
|
|
|a TXAC
|
| 052 |
|
|
|a 1251
|b N3
|
| 086 |
0 |
|
|a C 55.418/7:14786/991
|
| 090 |
|
|
|a G1251.C36
|b U54 1991
|
| 110 |
1 |
|
|a United States.
|b National Ocean Service.
|
| 245 |
1 |
0 |
|a New York State Barge Canal System /
|c National Ocean Service.
|
| 250 |
|
|
|a 11th ed., Oct. 5/91.
|
| 255 |
|
|
|a Scale 1:20,000.
|
| 264 |
|
1 |
|a Washington, D.C. :
|b U.S. Dept. of Commerce, National Oceanic and Atmospheric Administration, National Ocean Service,
|c [1991]
|
| 300 |
|
|
|a 1 atlas (72 unnumbered pages in various pagings) :
|b color maps ;
|c 28 x 45 cm.
|
| 336 |
|
|
|a text
|b txt
|2 rdacontent
|
| 337 |
|
|
|a unmediated
|b n
|2 rdamedia
|
| 338 |
|
|
|a volume
|b nc
|2 rdacarrier
|
| 490 |
1 |
|
|a Nautical chart catalog ;
|v no. 4, panels E, F
|
| 490 |
1 |
|
|a Recreational chart ;
|v 14786
|
| 500 |
|
|
|a Cover title.
|
| 500 |
|
|
|a Three maps have scales: 1:25,000, 1:80,000, and 1:170,000.
|
| 500 |
|
|
|a At head of title: United States--New York.
|
| 500 |
|
|
|a Earlier eds. prepared by U.S. Lake Survey or National Ocean Survey.
|
| 651 |
|
0 |
|a New York State Canal System (N.Y.)
|x Maps.
|
| 650 |
|
0 |
|a Canals
|z New York (State)
|v Maps.
|
| 810 |
1 |
|
|a United States.
|b National Ocean Service.
|t Recreational chart ;
|v 14786.
|
| 810 |
1 |
|
|a United States.
|b National Ocean Service.
|t Nautical chart.
|p Catalog ;
|v no. 4, panels E, F.
|
| 999 |
|
|
|a MARS
|
| 999 |
f |
f |
|s 5fac07ab-7788-31da-9995-8380a84dcc51
|i ac251687-4f66-39f1-95db-d2845f8a5294
|t 0
|
| 952 |
f |
f |
|p ric
|a Texas A&M University
|b Rellis Campus
|c Joint Library Facility
|d Remote Storage
|t 0
|e G1251.C36 U54 1991
|f Oversize
|h Library of Congress classification
|i unmediated -- volume
|m A14833904214
|
| 998 |
f |
f |
|a G1251.C36 U54 1991
|t 0
|l Remote Storage
|